00470nam a2200145Ia 4500008004100000020001800041041000800059082001800067100005800085245009100143250000600234260005700240300001200297650001500309210716s2008 xx 000 0 und d a9780070080713 aeng a658.4092 HUGR aHughes, Richard L;Ginnett, Robert C;Curphy, Gordon J. aLeadership: enhancing the lessons of experience.bEnhancing the lessons of experience. a6 aNew DelhibTata McGraw Hill Publishing Companyc2008 axvi,591 aLeadership